Principles of public international law / (Record no. 2963)
[ view plain ]
| 000 -LEADER | |
|---|---|
| fixed length control field | 00943nac a22002651u 4500 |
| 008 - FIXED-LENGTH DATA ELEMENTS--GENERAL INFORMATION | |
| fixed length control field | 170925b xxu||||| |||| 00| 0 eng d |
| 010 ## - LIBRARY OF CONGRESS CONTROL NUMBER | |
| LC control number | 2004269816 |
| 020 ## - INTERNATIONAL STANDARD BOOK NUMBER | |
| International Standard Book Number | 0199260710 (Pbk.) |
| 020 ## - INTERNATIONAL STANDARD BOOK NUMBER | |
| International Standard Book Number | 0199261946 (Hbk.) |
| 020 ## - INTERNATIONAL STANDARD BOOK NUMBER | |
| International Standard Book Number | 9780199260713 |
| 082 04 - DEWEY DECIMAL CLASSIFICATION NUMBER | |
| Classification number | 341 |
| Item number | B822 |
| 100 ## - MAIN ENTRY--PERSONAL NAME | |
| Personal name | Brownlie, Ian. |
| 9 (RLIN) | 32686 |
| 245 10 - TITLE STATEMENT | |
| Title | Principles of public international law / |
| Statement of responsibility, etc | by Ian Brownlie. |
| 250 ## - EDITION STATEMENT | |
| Edition statement | 6th ed. |
| 260 ## - PUBLICATION, DISTRIBUTION, ETC. (IMPRINT) | |
| Place of publication, distribution, etc | Oxford ; |
| -- | New York : |
| Name of publisher, distributor, etc | Oxford University Press,2003 |
| Date of publication, distribution, etc | 2003. |
| 300 ## - PHYSICAL DESCRIPTION | |
| Extent | xlii, 742 p. ; |
| Dimensions | 25 cm. |
| 504 ## - BIBLIOGRAPHY, ETC. NOTE | |
| Bibliography, etc | Includes bibliographical references and index. |
| 650 #0 - SUBJECT ADDED ENTRY--TOPICAL TERM | |
| Topical term or geographic name as entry element | International law. |
| Source of heading or term | BUEsh |
| 651 ## - SUBJECT ADDED ENTRY--GEOGRAPHIC NAME | |
| Source of heading or term | BUEsh |
| 653 ## - INDEX TERM--UNCONTROLLED | |
| Resource For college | Law |
| 655 ## - INDEX TERM--GENRE/FORM | |
| Form subdivision | Text book |
| -- | 33728 |
| 856 42 - ELECTRONIC LOCATION AND ACCESS | |
| Materials specified | Publisher description |
| Uniform Resource Identifier | <a href="http://www.loc.gov/catdir/enhancements/fy0620/2004269816-d.html">http://www.loc.gov/catdir/enhancements/fy0620/2004269816-d.html</a> |
| 856 42 - ELECTRONIC LOCATION AND ACCESS | |
| Materials specified | Table of contents only |
| Uniform Resource Identifier | <a href="http://www.loc.gov/catdir/enhancements/fy0620/2004269816-t.html">http://www.loc.gov/catdir/enhancements/fy0620/2004269816-t.html</a> |
| 942 ## - ADDED ENTRY ELEMENTS (KOHA) | |
| Call number prefix | 341B822 |
| Source of classification or shelving scheme | Dewey Decimal Classification |
| Withdrawn status | Item status | Damaged status | Not for loan | Home library | Current library | Shelving location | Date acquired | Source of acquisition | Total Checkouts | Total Renewals | Full call number | Barcode | Date last seen | Date last borrowed | Koha item type |
|---|---|---|---|---|---|---|---|---|---|---|---|---|---|---|---|
| Central Library | Central Library | First floor | 07/03/2013 | Purchase | 19 | 25 | 341 BRO | 000001151 | 05/04/2026 | 16/04/2024 | Book - Borrowing | ||||
| Central Library | Central Library | First floor | 07/03/2013 | Purchase | 15 | 23 | 341 BRO | 000001150 | 15/07/2025 | 11/02/2025 | Book - Borrowing | ||||
| Central Library | Central Library | First floor | 07/03/2013 | Purchase | 17 | 39 | 341 BRO | 000001149 | 15/07/2025 | 05/03/2020 | Book - Borrowing |